Primera encuesta periódica de desempleo en el Area Metropolitana de San José /
El informe presenta los resultados de la Primera Encuesta Periódica de Desempleo en el Área Metropolitana de San José, realizada por la Universidad de Costa Rica a través de su Escuela de Ciencias Económicas e Instituto de Investigaciones Económicas. El estudio examina la situación del desempleo en...
Shranjeno v:
| Korporativna značnica: | |
|---|---|
| Format: | Texto |
| Jezik: | Spanish |
| Izdano: |
San José, Ciudad Universitaria Rodrigo Facio :
UCR. ECE. IIE
|
| Teme: | |
| Oznake: |
Označite
Brez oznak, prvi označite!
|
MARC
| LEADER | 00000 a a2200000 04500 | ||
|---|---|---|---|
| 001 | 15169 | ||
| 003 | cru IIS | ||
| 005 | 20230903094814.0 | ||
| 008 | 230823b |||||||| |||| 00| 0 spa d | ||
| 020 | |a Sin ISBN | ||
| 040 | |c CRAI | ||
| 090 | |a 1002 U58p | ||
| 110 | |a UCR. ECE. Instituto de Investigaciones Económicas | ||
| 245 | |a Primera encuesta periódica de desempleo en el Area Metropolitana de San José / |c Universidad de Costa Costa Rica. Escuela de Ciencias Económicas. Instituto de Investigaciones Económicas | ||
| 260 | |a San José, Ciudad Universitaria Rodrigo Facio : |b UCR. ECE. IIE | ||
| 300 | |a 82 p. | ||
| 520 | |a El informe presenta los resultados de la Primera Encuesta Periódica de Desempleo en el Área Metropolitana de San José, realizada por la Universidad de Costa Rica a través de su Escuela de Ciencias Económicas e Instituto de Investigaciones Económicas. El estudio examina la situación del desempleo en esta área geográfica, analizando datos relacionados con la población desempleada, sus características sociodemográficas y las condiciones laborales. El informe proporciona una comprensión detallada de la dinámica del desempleo en esta región, contribuyendo a la formulación de políticas y estrategias para abordar esta problemática. RAR 08/2023 | ||
| 650 | |a SUBEMPLEO | ||
| 650 | |a DESEMPLEO | ||
| 650 | |a EMPLEO | ||
| 650 | |a ENCUESTAS ECONOMICA | ||
| 650 | |a ENCUESTAS SOCIALES | ||
| 650 | |a POBLACION ECONOMICAMENTE ACTIVA | ||
| 942 | |2 ddc |c LI | ||
| 999 | |c 15699 |d 15699 | ||
